00237nam a2200097Ia 4500008004100000100002000041245001600061260003600077300000800113650001800121191201s2002 xx 000 0 und d aKhushwant Singh 0aJoke Book V aN.DelhibOrent Paper backc2002 a143 aGeneral Books